Signal Processing First (Record no. 13377)
[ view plain ]
| 000 -LEADER | |
|---|---|
| fixed length control field | 00384nam a22001577a 4500 |
| 020 ## - INTERNATIONAL STANDARD BOOK NUMBER | |
| International Standard Book Number | - |
| 082 ## - DEWEY DECIMAL CLASSIFICATION NUMBER | |
| Classification number | 621.3822 MCC |
| 100 ## - MAIN ENTRY--PERSONAL NAME | |
| Personal name | McClellan, James H. |
| 245 ## - TITLE STATEMENT | |
| Title | Signal Processing First |
| 260 ## - PUBLICATION, DISTRIBUTION, ETC. | |
| Place of publication, distribution, etc. | - |
| Name of publisher, distributor, etc. | - |
| Date of publication, distribution, etc. | - |
| 300 ## - PHYSICAL DESCRIPTION | |
| Extent | xxi, 489 p. |
| 500 ## - GENERAL NOTE | |
| General note | Includes index. |
| 650 ## - SUBJECT ADDED ENTRY--TOPICAL TERM | |
| Topical term or geographic name entry element | 1. Signal processing--Mathematics |
| 700 ## - ADDED ENTRY--PERSONAL NAME | |
| Personal name | Schaffer, Ronald W. and Yoder, Mark A. |
| 942 ## - ADDED ENTRY ELEMENTS (KOHA) | |
| Koha item type | Book |
| Withdrawn status | Lost status | Damaged status | Not for loan | Collection code | Permanent Location | Current Location | Shelving location | Date acquired | Source of acquisition | Total Checkouts | Total Renewals | Full call number | Barcode | Date last seen | Date last checked out | Price effective from | Koha item type |
|---|---|---|---|---|---|---|---|---|---|---|---|---|---|---|---|---|---|
| Central Library (CL) | Central Library (CL) | General Stacks | 10/08/2015 | Donation | 2 | 3 | 621.3822 MCC | SEECSD01182 | 05/27/2021 | 07/14/2016 | 10/09/2015 | Book |
